<?xml version="1.0" encoding="UTF-8"?><?xml-stylesheet type="text/xsl" href="static/style.xsl"?><OAI-PMH xmlns="http://www.openarchives.org/OAI/2.0/" xmlns:xsi="http://www.w3.org/2001/XMLSchema-instance" xsi:schemaLocation="http://www.openarchives.org/OAI/2.0/ http://www.openarchives.org/OAI/2.0/OAI-PMH.xsd"><responseDate>2026-06-02T12:04:22Z</responseDate><request verb="GetRecord" identifier="oai:riuma.uma.es:10630/17447" metadataPrefix="marc">https://riuma.uma.es/rest/oai/request</request><GetRecord><record><header><identifier>oai:riuma.uma.es:10630/17447</identifier><datestamp>2026-02-03T12:36:59Z</datestamp><setSpec>com_10630_2254</setSpec><setSpec>col_10630_37957</setSpec></header><metadata><record xmlns="http://www.loc.gov/MARC21/slim" xmlns:dcterms="http://purl.org/dc/terms/" xmlns:doc="http://www.lyncode.com/xoai" xmlns:xsi="http://www.w3.org/2001/XMLSchema-instance" xsi:schemaLocation="http://www.loc.gov/MARC21/slim http://www.loc.gov/standards/marcxml/schema/MARC21slim.xsd">
   <leader>00925njm 22002777a 4500</leader>
   <datafield ind2=" " ind1=" " tag="042">
      <subfield code="a">dc</subfield>
   </datafield>
   <datafield ind2=" " ind1=" " tag="720">
      <subfield code="a">Martínez-Romera, Daniel David</subfield>
      <subfield code="e">author</subfield>
   </datafield>
   <datafield ind2=" " ind1=" " tag="260">
      <subfield code="c">2018-12-24</subfield>
   </datafield>
   <datafield ind2=" " ind1=" " tag="520">
      <subfield code="a">La presente tesis doctoral plantea la necesidad de avanzar en las estrategias didácticas utilizadas en la formación del profesorado de Ciencias Sociales del Máster de Profesorado para la evaluación de las competencias profesionales. Para ello, desarrolla varias investigaciones de campo e innovaciones de base TIC a diferentes escalas: desde el diagnóstico inicial del Máster de Profesorado en el ámbito español, a través del estudio de los planes desarrollados en 34 universidades, 54 entrevistas a coordinadores y 94 encuestas a profesorado tutor; pasando por las posibilidades analíticas para los docentes de dicho Máster a partir de los sistemas de gestión de aprendizaje, ilustradas en un estudio de caso; hasta la inclusión y evaluación de metodologías innovadoras en el acto educativo que permitan una evaluación de competencias profesionales más solida en su articulación y más profunda en su alcance demográfico, para lo que se ha recurrido tanto a la utilización rúbricas federadas online y software de anotaciones de video interactivas.</subfield>
   </datafield>
   <datafield ind1="8" ind2=" " tag="024">
      <subfield code="a">https://hdl.handle.net/10630/17447</subfield>
   </datafield>
   <datafield tag="653" ind2=" " ind1=" ">
      <subfield code="a">Ciencias Sociales - Estudio y Enseñanza Superior - Tesis doctorales</subfield>
   </datafield>
   <datafield tag="653" ind2=" " ind1=" ">
      <subfield code="a">Enseñanza - Innovaciones tecnológicas - Tesis doctorales</subfield>
   </datafield>
   <datafield ind2="0" ind1="0" tag="245">
      <subfield code="a">Innovación e Investigación Educativa sobre la Evaluación de Competencias Profesionales con TIC para la Enseñanza de las Ciencias Sociales en el Máster de Profesorado</subfield>
   </datafield>
</record>
</metadata></record></GetRecord></OAI-PMH>